[Event "55th World U20 ch"]
[Site "Bhubaneswar IND"]
[Date "2016.08.13"]
[Round "6.17"]
[White "Yuan Qingyu"]
[Black "Gandhi, Anish"]
[Result "1-0"]
[WhiteElo "2366"]
[BlackElo "2156"]
[EventDate "2016.08.08"]
[PlyCount "73"]

1.c4 Nf6 2.Nc3 g6 3.g3 Bg7 4.Bg2 d6 5.d3 O-O 6.Bg5 h6 7.Bd2 e5 8.e4 a5 9.
Nge2 Na6 10.O-O Nc5 11.Qc2 c6 12.f4 Qb6 13.Kh1 Be6 14.Be3 exf4 15.Nxf4 Qd8
16.d4 g5 17.dxc5 gxf4 18.gxf4 Ng4 19.Bg1 dxc5 20.Bxc5 Qh4 21.Bf3 f5 22.
Bxg4 Qxg4 23.Bxf8 Rxf8 24.Rf2 Kh8 25.Rg1 Qh5 26.e5 Bxc4 27.Qa4 b5 28.Qxa5 
Qf7 29.Rd2 Rg8 30.Qb6 Qe8 31.Rd6 Qh5 32.Qxc6 Qh4 33.Qf3 b4 34.Nd5 Bf8 35.
Rxg8+ Kxg8 36.Nf6+ Kh8 37.Rd1 1-0

[Event "55th World U20 ch"]
[Site "Bhubaneswar IND"]
[Date "2016.08.13"]
[Round "6.18"]
[White "Subhayan, Kundu"]
[Black "Ivekovic, Bozidar"]
[Result "0-1"]
[WhiteElo "2189"]
[BlackElo "2351"]
[EventDate "2016.08.08"]
[PlyCount "88"]

1.e4 c5 2.Nf3 d6 3.d4 cxd4 4.Nxd4 Nf6 5.Nc3 g6 6.Be2 Bg7 7.O-O O-O 8.Bg5 
Nc6 9.Nb3 a5 10.Bb5 Na7 11.a4 Nxb5 12.axb5 h6 13.Be3 Ng4 14.Bd2 Be6 15.Ra4
Bxb3 16.cxb3 Ne5 17.Qc2 Nd7 18.Rfa1 Nb6 19.Rxa5 Rxa5 20.Rxa5 Nc4 21.Ra4 
Nxd2 22.Qxd2 Kh7 23.Qd5 Qb6 24.Qc4 e6 25.Ra1 Be5 26.Na4 Qd8 27.Rd1 Qh4 28.
g3 Qg4 29.Rd2 h5 30.Qe2 Qg5 31.h4 Qf6 32.Qe3 Qe7 33.f4 Bg7 34.Qb6 d5 35.
Qc5 Qd8 36.Nb6 Re8 37.exd5 exd5 38.Rxd5 Re1+ 39.Kf2 Qe8 40.Rd2 Qe4 41.Nd5 
Rh1 42.Ne3 Rh2+ 43.Ke1 Rxd2 44.Kxd2 Bd4 0-1

[Event "55th World U20 ch"]
[Site "Bhubaneswar IND"]
[Date "2016.08.13"]
[Round "6.19"]
[White "Studer, Noel"]
[Black "Belous, Mikhail"]
[Result "1/2-1/2"]
[WhiteElo "2477"]
[BlackElo "2343"]
[EventDate "2016.08.08"]
[PlyCount "65"]

1.d4 Nf6 2.c4 g6 3.Nf3 Bg7 4.g3 d6 5.Bg2 O-O 6.O-O Nbd7 7.Nc3 e5 8.e4 exd4
9.Nxd4 Re8 10.h3 a6 11.Be3 Rb8 12.b3 c5 13.Nde2 b5 14.Qxd6 b4 15.Na4 Nxe4 
16.Bxe4 Bxa1 17.Rxa1 Rxe4 18.Nxc5 Re8 19.Rd1 Qe7 20.Qxe7 Rxe7 21.Nf4 Nxc5 
22.Bxc5 Re8 23.Nd5 Re2 24.Bxb4 Bxh3 25.Nf6+ Kg7 26.Bc3 Ra8 27.g4 Rxa2 28.
Bd4 Rd8 29.Nd5+ Kf8 30.Bc5+ Kg7 31.Bd4+ Kf8 32.Bc5+ Kg7 33.Bd4+ 1/2-1/2

[Event "55th World U20 ch"]
[Site "Bhubaneswar IND"]
[Date "2016.08.13"]
[Round "6.20"]
[White "Gholami, Aryan"]
[Black "Barath Kalyan, M."]
[Result "1-0"]
[WhiteElo "2461"]
[BlackElo "2197"]
[EventDate "2016.08.08"]
[PlyCount "73"]

1.c4 e5 2.Nc3 Nf6 3.Nf3 Nc6 4.e4 Bb4 5.d3 h6 6.a3 Bxc3+ 7.bxc3 O-O 8.g3 d6
9.Bg2 Be6 10.O-O Qd7 11.Rb1 b6 12.Nh4 Bh3 13.f4 Bxg2 14.Kxg2 exf4 15.Bxf4 
Qe6 16.Qd2 Ne7 17.Rbe1 Nh5 18.Be3 Qg4 19.Nf5 Nxf5 20.exf5 b5 21.Rf3 Nf6 
22.h3 Qh5 23.Qf2 g5 24.g4 Qh4 25.Qd2 Nxg4 26.hxg4 Qxg4+ 27.Rg3 Qxf5 28.
Bxg5 hxg5 29.Rxg5+ Qg6 30.Rxg6+ fxg6 31.Qh6 Rf7 32.Re6 Rh7 33.Rxg6+ Kh8 
34.Qf4 Rg8 35.Qf6+ Rhg7 36.Kf3 bxc4 37.Rh6# 1-0

[Event "55th World U20 ch"]
[Site "Bhubaneswar IND"]
[Date "2016.08.13"]
[Round "6.21"]
[White "Fan Huifeng"]
[Black "Basso, Pierluigi"]
[Result "1/2-1/2"]
[WhiteElo "2223"]
[BlackElo "2455"]
[EventDate "2016.08.08"]
[PlyCount "105"]

1.e4 e5 2.Nf3 Nc6 3.Bb5 Nf6 4.O-O Nxe4 5.Re1 Nd6 6.Nxe5 Be7 7.Bf1 Nf5 8.c3
Nxe5 9.Rxe5 d6 10.Re1 O-O 11.d4 d5 12.Nd2 Bd6 13.Nf3 c6 14.Bd3 f6 15.a4 a5
16.b3 g6 17.Ba3 Qc7 18.Bxd6 Nxd6 19.c4 dxc4 20.bxc4 c5 21.d5 Bd7 22.Qc2 
Bg4 23.Nd2 Bf5 24.Bxf5 Nxf5 25.Ne4 Nd4 26.Qb2 b6 27.Rab1 Rab8 28.Nc3 Rfe8 
29.Nb5 Qf4 30.Nxd4 cxd4 31.g3 Qg4 32.Qd2 Kf7 33.Rxe8 Rxe8 34.Rxb6 Qe4 35.
Rb7+ Re7 36.f3 Qe5 37.Rxe7+ Qxe7 38.Qxd4 Qe1+ 39.Kg2 Qe2+ 40.Kh3 Qf1+ 41.
Kg4 h5+ 42.Kf4 g5+ 43.Ke3 Qe1+ 44.Kd3 Qd1+ 45.Kc3 Qa1+ 46.Kd3 Qd1+ 47.Kc3 
Qa1+ 48.Kd3 Qd1+ 49.Kc3 Qa1+ 50.Kd3 Qd1+ 51.Kc3 Qa1+ 52.Kd3 Qd1+ 53.Ke4 
1/2-1/2

[Event "55th World U20 ch"]
[Site "Bhubaneswar IND"]
[Date "2016.08.13"]
[Round "6.22"]
[White "Ivic, Velimir"]
[Black "Martins, David Pires Tavares"]
[Result "1-0"]
[WhiteElo "2270"]
[BlackElo "2402"]
[EventDate "2016.08.08"]
[PlyCount "85"]

1.e4 e6 2.d4 d5 3.exd5 exd5 4.Nf3 Bg4 5.h3 Bh5 6.Qe2+ Qe7 7.Be3 Nc6 8.Nc3 
O-O-O 9.g4 Bg6 10.O-O-O Nf6 11.Ne5 Qe8 12.Bg2 Bb4 13.Nxg6 hxg6 14.g5 Bxc3 
15.gxf6 Ba5 16.Qg4+ Kb8 17.Bg5 Nb4 18.a3 Na2+ 19.Kb1 Nc3+ 20.bxc3 Qb5+ 21.
Kc1 gxf6 22.Be3 Bxc3 23.Rd3 Qb2+ 24.Kd1 Rhe8 25.Qg3 Qxa3 26.Qf3 Qa1+ 27.
Ke2 Qb2 28.Kd1 Qa1+ 29.Ke2 Qa6 30.Qf4 f5 31.Rb1 Rd6 32.Rb3 Ba5 33.Kd1 Qc4 
34.Bf1 Rc6 35.Rxb7+ Ka8 36.Rb2 Bc3 37.Rb3 Ba1 38.Bg2 Qxc2+ 39.Ke1 Qc4 40.
Qf3 Qc1+ 41.Rd1 Bc3+ 42.Kf1 Qc2 43.Rdb1 1-0

[Event "55th World U20 ch"]
[Site "Bhubaneswar IND"]
[Date "2016.08.13"]
[Round "6.23"]
[White "Chakravarthi Reddy, M."]
[Black "Pirverdiev, Agil"]
[Result "1/2-1/2"]
[WhiteElo "2228"]
[BlackElo "2364"]
[EventDate "2016.08.08"]
[PlyCount "166"]

1.d4 Nf6 2.c4 e6 3.Nf3 b6 4.a3 c5 5.d5 Ba6 6.Qc2 exd5 7.cxd5 d6 8.Nc3 g6 
9.h4 Bg7 10.g4 O-O 11.Bh3 Bc4 12.Bg5 h6 13.Bxf6 Qxf6 14.Qe4 b5 15.g5 hxg5 
16.hxg5 Qd8 17.Qh4 Re8 18.Nd2 b4 19.Nce4 Bxd5 20.O-O-O Kf8 21.Nf6 Bxh1 22.
Rxh1 Re5 23.f4 Bxf6 24.fxe5 Bxe5 25.Bg2 d5 26.Nc4 dxc4 27.Bxa8 c3 28.bxc3 
bxc3 29.Qh8+ Bxh8 30.Rxh8+ Ke7 31.Rxd8 Kxd8 32.Kc2 Nd7 33.Kxc3 Ke7 34.Be4 
Nf8 35.Kc4 Ne6 36.Bd5 Kd6 37.Bxe6 fxe6 38.a4 Kc6 39.e3 Kb6 40.e4 Kc6 41.a5
e5 42.a6 Kb6 43.Kd5 Kb5 44.Kxe5 c4 45.Kf6 c3 46.e5 c2 47.e6 c1=Q 48.e7 
Qf4+ 49.Kg7 Qe5+ 50.Kf7 Qf5+ 51.Kg7 Qd7 52.Kf8 Qd6 53.Kf7 Qf4+ 54.Kg7 Qd4+
55.Kf7 Qd5+ 56.Kg7 Qe5+ 57.Kf7 Kxa6 58.e8=Q Qxg5 59.Qc6+ Ka5 60.Qc7+ Kb5 
61.Qxa7 Qf5+ 62.Kg7 g5 63.Qb7+ Kc5 64.Qa7+ Kd5 65.Qb7+ Ke5 66.Qc7+ Kd4 67.
Qa7+ Ke4 68.Qa4+ Ke3 69.Qa3+ Kf2 70.Qb2+ Kg3 71.Qc3+ Qf3 72.Qe5+ Qf4 73.
Qe1+ Kg4 74.Qd1+ Kh3 75.Qh1+ Qh2 76.Qf1+ Kh4 77.Qe1+ Kh3 78.Qf1+ Qg2 79.
Qd3+ Kh4 80.Qh7+ Kg4 81.Qb1 Qe2 82.Qg1+ Kf5 83.Qb1+ Ke5 1/2-1/2

[Event "55th World U20 ch"]
[Site "Bhubaneswar IND"]
[Date "2016.08.13"]
[Round "6.24"]
[White "Rajdeep, Sarkar"]
[Black "Gajwa, Ankit"]
[Result "1/2-1/2"]
[WhiteElo "2351"]
[BlackElo "2282"]
[EventDate "2016.08.08"]
[PlyCount "83"]

1.d4 Nf6 2.Nf3 g6 3.Nbd2 Bg7 4.e4 d6 5.Bd3 O-O 6.O-O Nbd7 7.Re1 e5 8.c3 b6
9.Nb3 Bb7 10.Bg5 h6 11.Bh4 Re8 12.Nbd2 c6 13.Nc4 Qc7 14.dxe5 dxe5 15.b4 a5
16.a4 Ba6 17.Ne3 axb4 18.cxb4 Qd6 19.Bxa6 Qxd1 20.Nxd1 Rxa6 21.Nc3 Bf8 22.
Rab1 Kg7 23.Red1 Ra7 24.Nd2 b5 25.axb5 cxb5 26.f3 Rc7 27.Nxb5 Rb7 28.Na3 
Rxb4 29.Nac4 Rc8 30.Rxb4 Bxb4 31.Kf1 Nh5 32.Ne3 Nb6 33.Bf2 Bxd2 34.Rxd2 
Rc1+ 35.Rd1 Rxd1+ 36.Nxd1 Nc4 37.Ba7 f5 38.exf5 gxf5 39.Ne3 Nxe3+ 40.Bxe3 
Kg6 41.Ke2 f4 42.Bc1 1/2-1/2

[Event "55th World U20 ch"]
[Site "Bhubaneswar IND"]
[Date "2016.08.13"]
[Round "6.25"]
[White "Rahul Srivatshav, P."]
[Black "Nihal, Sarin"]
[Result "0-1"]
[WhiteElo "2280"]
[BlackElo "2358"]
[EventDate "2016.08.08"]
[PlyCount "86"]

1.d4 Nf6 2.c4 e6 3.Nc3 Bb4 4.f3 O-O 5.e4 d5 6.e5 Nfd7 7.cxd5 exd5 8.f4 c5 
9.a3 Ba5 10.Nf3 cxd4 11.Qxd4 Nc6 12.Qf2 d4 13.b4 dxc3 14.bxa5 Qxa5 15.Bd3 
Nc5 16.Bc2 Qb5 17.Qf1 Qxf1+ 18.Rxf1 b6 19.Kf2 f6 20.exf6 Rxf6 21.Be3 Bf5 
22.Rac1 Bxc2 23.Rxc2 Na4 24.Rd1 b5 25.Rd7 a5 26.Rb7 Rb8 27.Rxb8+ Nxb8 28.
Nd4 b4 29.Ra2 Nc5 30.axb4 axb4 31.Ra5 Nbd7 32.Ke2 b3 33.Nxb3 Nxb3 34.Rb5 
Nd2 35.Rd5 Nb6 36.Rd8+ Kf7 37.Kd3 Rc6 38.Rb8 Nd5 39.Rb7+ Kg6 40.Bd4 Nxf4+ 
41.Kc2 Ne6 42.Be5 Rc5 43.Bd6 Nd4+ 0-1

[Event "55th World U20 ch"]
[Site "Bhubaneswar IND"]
[Date "2016.08.13"]
[Round "6.26"]
[White "Yogit, S."]
[Black "Tran Minh Thang"]
[Result "0-1"]
[WhiteElo "2270"]
[BlackElo "2353"]
[EventDate "2016.08.08"]
[PlyCount "70"]

1.e4 c5 2.Nf3 e6 3.b3 Nf6 4.e5 Nd5 5.Bb2 Be7 6.g3 O-O 7.Bg2 Nc6 8.O-O Rb8 
9.d4 b5 10.dxc5 Bxc5 11.Nbd2 b4 12.Ne4 Be7 13.c4 bxc3 14.Nxc3 Ncb4 15.Nxd5
Nxd5 16.Nd2 Bb7 17.Rc1 Nb4 18.Bxb7 Rxb7 19.a3 Nd5 20.Nc4 f5 21.exf6 Bxf6 
22.Bxf6 Qxf6 23.b4 Rc7 24.Qd2 h5 25.Ne3 Nc3 26.Qd3 Rfc8 27.Kg2 d5 28.Nd1 
Ne4 29.Rxc7 Rxc7 30.f3 Nd6 31.Re1 Nf5 32.Nf2 Rc3 33.Qb5 Ne3+ 34.Kh3 Qf5+ 
35.Kh4 Ng2# 0-1

[Event "55th World U20 ch"]
[Site "Bhubaneswar IND"]
[Date "2016.08.13"]
[Round "6.27"]
[White "Gheorghiu, Calin"]
[Black "Squella Lavin, Carlos Felipe"]
[Result "1-0"]
[WhiteElo "2343"]
[BlackElo "2203"]
[EventDate "2016.08.08"]
[PlyCount "55"]

1.e4 e6 2.d4 d5 3.Nc3 Bb4 4.e5 c5 5.a3 Bxc3+ 6.bxc3 Nc6 7.a4 Qa5 8.Bd2 c4 
9.h4 Bd7 10.Qg4 g6 11.h5 Nge7 12.Nh3 h6 13.hxg6 Nxg6 14.Nf4 Nce7 15.Nxg6 
fxg6 16.Qf4 O-O-O 17.Rxh6 Rxh6 18.Qxh6 Bxa4 19.Qg7 Kd7 20.Be2 Qb5 21.Bg5 
Re8 22.Rc1 Qb2 23.Kd2 Qa3 24.Bg4 Bb3 25.Qf7 Qa6 26.Ra1 Qb6 27.Rxa7 Bxc2 
28.Rxb7+ 1-0

[Event "55th World U20 ch"]
[Site "Bhubaneswar IND"]
[Date "2016.08.13"]
[Round "6.28"]
[White "Taalaibekov, Tagir"]
[Black "Viennot, Dylan"]
[Result "0-1"]
[WhiteElo "2182"]
[BlackElo "2342"]
[EventDate "2016.08.08"]
[PlyCount "54"]

1.d4 Nf6 2.Nf3 c5 3.d5 e6 4.c4 b5 5.dxe6 fxe6 6.Nc3 a6 7.e4 b4 8.e5 bxc3 
9.exf6 gxf6 10.Ne5 Qb6 11.Qh5+ Kd8 12.Nf7+ Kc7 13.bxc3 Rg8 14.Qxh7 Rg7 15.
Qh8 Rxf7 16.Qg8 Qd6 17.Qxf7 Qe5+ 18.Kd1 Qxc3 19.Qxf8 Qxa1 20.Qxc5+ Nc6 21.
a3 Rb8 22.Qe3 d6 23.h4 Nd4 24.h5 Bd7 25.Bd3 Ba4+ 26.Kd2 Rb3 27.Qe4 f5 0-1

[Event "55th World U20 ch"]
[Site "Bhubaneswar IND"]
[Date "2016.08.13"]
[Round "6.29"]
[White "Papakonstantinou, Dimitrios"]
[Black "Rydstrom, Tom"]
[Result "1-0"]
[WhiteElo "2180"]
[BlackElo "2315"]
[EventDate "2016.08.08"]
[PlyCount "119"]

1.e4 c5 2.Nf3 e6 3.d4 cxd4 4.Nxd4 a6 5.c4 Qc7 6.a3 Nf6 7.Nc3 Be7 8.Be3 d6 
9.Be2 b6 10.f3 Bb7 11.Rc1 Nbd7 12.O-O O-O 13.b4 Rac8 14.Kh1 Qb8 15.Qd2 g6 
16.Nb3 Rfd8 17.Rfd1 Bc6 18.a4 Ne5 19.Qa2 Ba8 20.c5 dxc5 21.bxc5 bxc5 22.
Bxa6 Bb7 23.Bb5 Rxd1+ 24.Rxd1 h5 25.Na5 Ba8 26.Bf4 Bd6 27.Bg5 Nh7 28.Bh4 
g5 29.Bf2 c4 30.Nxc4 Nxc4 31.Bxc4 Qb4 32.Nb5 Qxc4 33.Qxc4 Rxc4 34.Rxd6 
Rxa4 35.Nc7 Ra1+ 36.Bg1 Kg7 37.h4 g4 38.Kh2 e5 39.Be3 Nf6 40.Bg5 Ng8 41.
Ne8+ Kh7 42.Rd7 Kg6 43.Nd6 Nf6 44.Rxf7 Ne8 45.Rd7 Bc6 46.Rd8 Ng7 47.Nc4 
gxf3 48.gxf3 Ra2+ 49.Kg3 Bb5 50.Nxe5+ Kh7 51.Bf6 Bf1 52.Rd7 Rg2+ 53.Kf4 
Kg8 54.Rxg7+ Rxg7 55.Bxg7 Kxg7 56.Kg5 Be2 57.Kxh5 Kf6 58.Ng4+ Ke6 59.Nh2 
Ke5 60.Kg5 1-0

[Event "55th World U20 ch"]
[Site "Bhubaneswar IND"]
[Date "2016.08.13"]
[Round "6.30"]
[White "Arjun, Kalyan"]
[Black "Thogersen, Rasmus"]
[Result "1-0"]
[WhiteElo "2292"]
[BlackElo "2171"]
[EventDate "2016.08.08"]
[PlyCount "71"]

1.e4 c5 2.Nf3 d6 3.d4 cxd4 4.Nxd4 Nf6 5.Nc3 a6 6.Be3 Ng4 7.Bc1 Nf6 8.f3 e5
9.Nb3 Be6 10.Be3 h5 11.Qd2 Nbd7 12.Be2 Be7 13.Nd5 Bxd5 14.exd5 Nb6 15.c4 
O-O 16.O-O Nbd7 17.Na5 Qc7 18.b4 Qb8 19.Rac1 Bd8 20.Nb3 b6 21.f4 a5 22.
fxe5 Nxe5 23.a3 axb4 24.axb4 Ra3 25.Qb2 Ra4 26.Nd4 Re8 27.Bf4 b5 28.Bxe5 
dxe5 29.Nxb5 Bb6+ 30.c5 Nxd5 31.Qb3 Nf4 32.Bc4 Qb7 33.Rxf4 exf4 34.Nd6 Qa8
35.Bxf7+ Kh8 36.Bxe8 1-0

[Event "55th World U20 ch"]
[Site "Bhubaneswar IND"]
[Date "2016.08.13"]
[Round "6.31"]
[White "Krishna Teja, N."]
[Black "Evangelista, Paul Robert"]
[Result "1-0"]
[WhiteElo "2282"]
[BlackElo "2020"]
[EventDate "2016.08.08"]
[PlyCount "81"]

1.d4 d6 2.Bf4 c6 3.c4 Nd7 4.Nf3 g6 5.e3 Bg7 6.h3 e5 7.Bh2 Ne7 8.Nc3 O-O 9.
Be2 Qb6 10.Rb1 Nf5 11.O-O Re8 12.g4 Nh6 13.Ne4 c5 14.dxc5 Nxc5 15.Nxd6 Rd8
16.Nxc8 Raxc8 17.Qc2 e4 18.Nd4 f5 19.b4 Nd3 20.c5 Qf6 21.Bxd3 exd3 22.Qxd3
fxg4 23.hxg4 Nxg4 24.Bg3 Re8 25.Nb5 Qf3 26.Nd6 Be5 27.Qb3+ Kg7 28.Qd1 Qxd1
29.Nxe8+ Rxe8 30.Bxe5+ Rxe5 31.Rfxd1 Rf5 32.Rd7+ Kh6 33.Rb2 Kg5 34.Rxh7 a5
35.Rxb7 axb4 36.R7xb4 Rd5 37.c6 Rd1+ 38.Kg2 Rc1 39.Rb6 Kh4 40.a4 g5 41.Rb1
1-0

[Event "55th World U20 ch"]
[Site "Bhubaneswar IND"]
[Date "2016.08.13"]
[Round "6.32"]
[White "Subramaniam, Shreyes"]
[Black "Ritviz Bhiva, Parab"]
[Result "0-1"]
[WhiteElo "1863"]
[BlackElo "2259"]
[EventDate "2016.08.08"]
[PlyCount "115"]

1.e4 e5 2.Nf3 Nc6 3.Bc4 Nf6 4.d3 h6 5.O-O d6 6.h3 g6 7.Nc3 Bg7 8.Be3 O-O 
9.Qd2 Kh7 10.Nh2 Na5 11.Bb3 Nxb3 12.axb3 d5 13.exd5 Nxd5 14.Nxd5 Qxd5 15.
f4 exf4 16.Rxf4 b6 17.Rh4 h5 18.Nf3 Bb7 19.c4 Qd6 20.Bf4 Qd7 21.Ng5+ Kg8 
22.Be3 Rfd8 23.Rd1 f6 24.Ne4 g5 25.Rxh5 Bxe4 26.dxe4 Qe8 27.Qe2 Qxe4 28.
Rxd8+ Rxd8 29.h4 Rd3 30.Kf2 gxh4 31.Bc1 Qxe2+ 32.Kxe2 Rxb3 33.Rxh4 f5 34.
Rh3 Rxh3 35.gxh3 Kf7 36.Kf3 Kg6 37.b3 Be5 38.Bd2 a5 39.c5 Bd4 40.cxb6 cxb6
41.Kf4 Kf6 42.Kf3 Be5 43.Be1 Bc7 44.Bc3+ Kg5 45.Be1 b5 46.Bd2+ Kh5 47.Be1 
a4 48.bxa4 bxa4 49.Bb4 Be5 50.Ba3 Kh4 51.Kg2 Kg5 52.Kf3 Kf6 53.Kg2 Ke6 54.
h4 Bd6 55.Bc1 a3 56.h5 a2 57.Bb2 Be5 58.Kf2 0-1

[Event "55th World U20 ch"]
[Site "Bhubaneswar IND"]
[Date "2016.08.13"]
[Round "6.33"]
[White "Karthik, Venkataraman"]
[Black "Tahay, Alexis"]
[Result "1/2-1/2"]
[WhiteElo "2305"]
[BlackElo "2098"]
[EventDate "2016.08.08"]
[PlyCount "77"]

1.d4 Nf6 2.Nc3 d5 3.Bg5 Nbd7 4.Qd3 e6 5.e4 dxe4 6.Nxe4 Be7 7.Nxf6+ Nxf6 8.
Nf3 O-O 9.c3 b6 10.Qc2 h6 11.Bf4 Bb7 12.Bd3 Nd5 13.Bd2 c5 14.dxc5 Bxc5 15.
a3 Qf6 16.Bh7+ Kh8 17.Be4 Qe7 18.O-O f5 19.Bd3 Qc7 20.Rfe1 Nf4 21.Bxf4 
Qxf4 22.Ne5 Qg5 23.Bf1 Rad8 24.Rad1 Bd6 25.Qe2 Qf6 26.Nc4 Ba6 27.Qf3 Bxc4 
28.Bxc4 Bxh2+ 29.Kxh2 Qh4+ 30.Kg1 Qxc4 31.Qe3 Qb3 32.Qe2 Rfe8 33.Rd2 Rxd2 
34.Qxd2 Qb5 35.Re3 Kg8 36.Rg3 Kh7 37.b4 Re7 38.Rd3 Rc7 39.Rd4 1/2-1/2

[Event "55th World U20 ch"]
[Site "Bhubaneswar IND"]
[Date "2016.08.13"]
[Round "6.34"]
[White "Nyamdorj, Davaaochir"]
[Black "Ranjan Sahoo, Utkal"]
[Result "0-1"]
[WhiteElo "2015"]
[BlackElo "2266"]
[EventDate "2016.08.08"]
[PlyCount "54"]

1.e4 e5 2.Nf3 Nc6 3.Bb5 a6 4.Ba4 Nf6 5.O-O Be7 6.Re1 b5 7.Bb3 d6 8.c3 O-O 
9.h3 Bb7 10.d4 Nd7 11.a3 Bf6 12.Qd3 exd4 13.cxd4 Nxd4 14.Nxd4 Nc5 15.Qf3 
Bxd4 16.Bc2 Qh4 17.Be3 Bxb2 18.Ra2 Be5 19.Nd2 Ne6 20.Nb3 f5 21.Na5 Bxe4 
22.Bxe4 fxe4 23.Qd1 Bc3 24.g3 Qxh3 25.Bd2 Nd4 26.Re3 Nf3+ 27.Qxf3 exf3 0-1

[Event "55th World U20 ch"]
[Site "Bhubaneswar IND"]
[Date "2016.08.13"]
[Round "6.35"]
[White "Shailesh, Dravid"]
[Black "Palucha, Szymon"]
[Result "1-0"]
[WhiteElo "2224"]
[BlackElo "1932"]
[EventDate "2016.08.08"]
[PlyCount "69"]

1.e4 c5 2.Nc3 Nc6 3.g3 g6 4.Bg2 Bg7 5.d3 d6 6.Be3 e6 7.Qd2 Nd4 8.Nd1 e5 9.
c3 Nc6 10.Ne2 Rb8 11.O-O Nce7 12.f4 b6 13.Nf2 Nf6 14.h3 O-O 15.g4 exf4 16.
Bxf4 Be6 17.Ng3 Rc8 18.d4 Ne8 19.d5 Bd7 20.Nd1 b5 21.Bh6 f6 22.Bxg7 Nxg7 
23.Qh6 Kh8 24.Qf4 Qc7 25.h4 f5 26.exf5 gxf5 27.h5 fxg4 28.Qxf8+ Rxf8 29.
Rxf8+ Ng8 30.h6 Ne8 31.Ne3 Qd8 32.Nef5 Bxf5 33.Nxf5 Qg5 34.Re1 Nf6 35.Nxd6
1-0

[Event "55th World U20 ch"]
[Site "Bhubaneswar IND"]
[Date "2016.08.13"]
[Round "6.36"]
[White "Lokander, Martin"]
[Black "Dassanayake, D. M. G. S."]
[Result "1-0"]
[WhiteElo "2365"]
[BlackElo "1859"]
[EventDate "2016.08.08"]
[PlyCount "87"]

1.e4 c6 2.d4 d5 3.e5 Bf5 4.h4 h5 5.Bd3 Bxd3 6.Qxd3 e6 7.Bg5 Qa5+ 8.Nd2 c5 
9.dxc5 Bxc5 10.Nf3 Nc6 11.O-O Nge7 12.a3 Qc7 13.b4 Bb6 14.c4 a6 15.Bxe7 
Nxe7 16.cxd5 Nxd5 17.Ne4 O-O 18.Neg5 g6 19.Rac1 Qe7 20.Qe4 Kg7 21.Nd2 Rad8
22.Nc4 Bc7 23.g3 Rd7 24.Qe2 b5 25.Nd2 a5 26.Rc5 axb4 27.axb4 Bb6 28.Rc6 
Bc7 29.Nde4 Nxb4 30.Rc5 Nd3 31.Rxc7 Rxc7 32.Qxd3 b4 33.Nd6 f6 34.exf6+ 
Rxf6 35.Nde4 Rf5 36.Qd4+ e5 37.Qb6 Kh6 38.Ne6 Rb7 39.Qe3+ Kh7 40.N4g5+ Kg8
41.Ra1 Rxg5 42.Ra8+ Kf7 43.Nxg5+ Kg7 44.Qb3 1-0

[Event "55th World U20 ch"]
[Site "Bhubaneswar IND"]
[Date "2016.08.13"]
[Round "6.37"]
[White "Hsu Chuan Chia"]
[Black "Salles, Louis"]
[Result "0-1"]
[WhiteElo "1777"]
[BlackElo "2235"]
[EventDate "2016.08.08"]
[PlyCount "64"]

1.e4 c5 2.Nf3 d6 3.d4 cxd4 4.Nxd4 Nf6 5.Nc3 a6 6.Bg5 e6 7.f4 b5 8.e5 dxe5 
9.fxe5 Qc7 10.exf6 Qe5+ 11.Be2 Qxg5 12.O-O Ra7 13.fxg7 Bxg7 14.Nf3 Qe3+ 
15.Kh1 Rd7 16.Qe1 O-O 17.Nd1 Qf4 18.Bd3 Bb7 19.Rb1 Nc6 20.a3 Kh8 21.Nf2 
Qh6 22.Ne4 Rd5 23.Qg3 f5 24.Nc3 Rd7 25.Rfe1 e5 26.h3 e4 27.Nxe4 fxe4 28.
Rxe4 Bf6 29.Re6 Rg8 30.Qh2 Nd4 31.Nxd4 Bxg2+ 32.Qxg2 Rxg2 0-1

[Event "55th World U20 ch"]
[Site "Bhubaneswar IND"]
[Date "2016.08.13"]
[Round "6.38"]
[White "Holleland, Sigve"]
[Black "Seppala, Joni"]
[Result "1/2-1/2"]
[WhiteElo "2106"]
[BlackElo "1765"]
[EventDate "2016.08.08"]
[PlyCount "159"]

1.Nf3 Nf6 2.g3 d5 3.d4 g6 4.Bg2 Bg7 5.O-O O-O 6.c4 c6 7.Nc3 Bf5 8.cxd5 
cxd5 9.Qb3 Bc8 10.Bf4 Nc6 11.Rfd1 e6 12.Rac1 Qb6 13.Qc2 Bd7 14.Na4 Qb5 15.
Nc5 Rfc8 16.Bf1 Qb6 17.Bg5 Be8 18.Na4 Qd8 19.Qb1 h6 20.Bf4 Ne4 21.Nc3 Nd6 
22.Bh3 a6 23.e4 dxe4 24.Nxe4 Nxe4 25.Qxe4 Ne7 26.Ne5 Rxc1 27.Rxc1 Qd5 28.
Bg2 Rd8 29.Be3 Qxe4 30.Bxe4 Nd5 31.Bd2 Kf8 32.h4 h5 33.a3 Bb5 34.b3 Bf6 
35.a4 Be8 36.Kf1 Kg7 37.Ke2 Kf8 38.f4 Kg7 39.Kf3 Kf8 40.Be1 Kg7 41.a5 Bb5 
42.Bf2 Kf8 43.Nd3 Bxd3 44.Bxd3 Rd7 45.Be4 Ke7 46.Rc4 Kd6 47.Be1 Rc7 48.Ke2
Kd7 49.Bd2 Be7 50.Kd3 Bf6 51.Bf3 Ne7 52.Be4 Bg7 53.Bb4 Nd5 54.Bc5 Nf6 55.
Bf3 Nd5 56.Rc2 Bf6 57.f5 Rc8 58.fxe6+ fxe6 59.Re2 Re8 60.Kc4 Kc6 61.Rxe6+ 
Rxe6 62.Bxd5+ Kd7 63.Bxe6+ Kxe6 64.d5+ Kd7 65.Be3 Bd8 66.b4 Bf6 67.Bg5 Be5
68.Bf4 Bb2 69.Kc5 Bc3 70.Bb8 Be1 71.Kc4 Bf2 72.Be5 Be1 73.Bf4 Bf2 74.d6 
Be1 75.Kc5 Bc3 76.Kc4 Be1 77.Be5 Bf2 78.b5 Be1 79.bxa6 bxa6 80.Kd5 1/2-1/2

[Event "55th World U20 ch"]
[Site "Bhubaneswar IND"]
[Date "2016.08.13"]
[Round "6.39"]
[White "Skettos, Nicolas"]
[Black "Avik, Sarker"]
[Result "1-0"]
[WhiteElo "1561"]
[BlackElo "2000"]
[EventDate "2016.08.08"]
[PlyCount "77"]

1.e4 e6 2.d4 d5 3.Nc3 Nf6 4.Bg5 Be7 5.e5 Nfd7 6.Bxe7 Qxe7 7.f4 O-O 8.Nf3 
a6 9.Bd3 f6 10.Ne2 c5 11.c3 Nc6 12.a3 b5 13.O-O Bb7 14.Ng3 fxe5 15.fxe5 g6
16.h4 cxd4 17.cxd4 Qg7 18.Bc2 h6 19.Qd3 Ne7 20.h5 g5 21.Nh2 Kh8 22.Ng4 Ng8
23.Qg6 Rf4 24.Ne2 Qxg6 25.hxg6 Rxf1+ 26.Rxf1 Rf8 27.Ng3 Rxf1+ 28.Kxf1 Kg7 
29.Nh5+ Kf8 30.Ngf6 Bc6 31.Kf2 Ngxf6 32.exf6 e5 33.g7+ Kg8 34.Bh7+ Kxh7 
35.f7 Kg6 36.g8=Q+ Kxh5 37.f8=Q Nxf8 38.Qxf8 exd4 39.Kg3 1-0

[Event "55th World U20 ch"]
[Site "Bhubaneswar IND"]
[Date "2016.08.14"]
[Round "7.1"]
[White "Karthikeyan, Murali"]
[Black "Xiong, Jeffery"]
[Result "0-1"]
[WhiteElo "2514"]
[BlackElo "2633"]
[EventDate "2016.08.08"]
[PlyCount "70"]

1.Nf3 c5 2.g3 Nc6 3.Bg2 g6 4.O-O Bg7 5.e4 Nf6 6.Re1 d6 7.c3 O-O 8.h3 Ne5 
9.d4 Nxf3+ 10.Qxf3 Nd7 11.Rd1 Qb6 12.Qd3 cxd4 13.cxd4 e5 14.dxe5 Nxe5 15.
Qe2 Be6 16.Nc3 Bc4 17.Qe3 Qa6 18.b3 Bxb3 19.Rf1 Rac8 20.Bd2 Be6 21.Rac1 
Nc4 22.Qe2 Nxd2 23.Qxd2 Qa5 24.Nb1 Qxd2 25.Nxd2 Bxa2 26.e5 Bxe5 27.Bxb7 
Rxc1 28.Rxc1 Rb8 29.Ba6 Bd4 30.Bc4 Rb2 31.Ne4 d5 32.Bxa2 dxe4 33.Bd5 Rxf2 
34.Kh1 e3 35.Bc4 Be5 0-1

[Event "55th World U20 ch"]
[Site "Bhubaneswar IND"]
[Date "2016.08.14"]
[Round "7.2"]
[White "Xu Yinglun"]
[Black "Artemiev, Vladislav"]
[Result "1-0"]
[WhiteElo "2516"]
[BlackElo "2665"]
[EventDate "2016.08.08"]
[PlyCount "127"]

1.Nf3 g6 2.c4 Bg7 3.d4 d6 4.Nc3 Bg4 5.e3 c5 6.Be2 Nc6 7.O-O Nf6 8.d5 Na5 
9.Bd2 O-O 10.b3 a6 11.a3 Qc7 12.Qc2 b5 13.cxb5 c4 14.bxc4 Nxc4 15.bxa6 
Rfc8 16.Rfc1 Bxf3 17.gxf3 Qd8 18.Be1 Nd7 19.Qa2 Ndb6 20.Rab1 e6 21.f4 Rxa6
22.dxe6 fxe6 23.Rxb6 Rxa3 24.Bxc4 Rxa2 25.Bxa2 Rxc3 26.Rcb1 Rc1 27.Rb8 
Rxe1+ 28.Kg2 Qxb8 29.Bxe6+ Kf8 30.Rxb8+ Ke7 31.Bd5 Rd1 32.Rb7+ Kf8 33.Bb3 
Rb1 34.Rf7+ Kg8 35.Be6 Rd1 36.Kf3 Rd2 37.h4 Rb2 38.Rd7+ Kf8 39.Rxd6 Bf6 
40.Kg3 Bc3 41.Rd1 h6 42.Bd5 Bf6 43.Rc1 g5 44.Rc8+ Ke7 45.fxg5 hxg5 46.hxg5
Bxg5 47.f4 Bf6 48.Rc6 Rd2 49.Re6+ Kf7 50.e4 Bd4 51.Bc4 Kf8 52.e5 Rc2 53.
Bd5 Rd2 54.Kg4 Bc5 55.Be4 Be3 56.Rc6 Rf2 57.Bf3 Rf1 58.Rc3 Bc1 59.Rb3 Bd2 
60.Kf5 Ke7 61.Rb7+ Ke8 62.Ke6 Kf8 63.Kf6 Ke8 64.Bc6+ 1-0

[Event "55th World U20 ch"]
[Site "Bhubaneswar IND"]
[Date "2016.08.14"]
[Round "7.3"]
[White "Alexeenko, Kiril"]
[Black "Nasuta, Grzegorz"]
[Result "0-1"]
[WhiteElo "2582"]
[BlackElo "2442"]
[EventDate "2016.08.08"]
[PlyCount "164"]

1.e4 c5 2.Nf3 d6 3.d4 cxd4 4.Nxd4 Nf6 5.Nc3 a6 6.h3 e6 7.g4 Nfd7 8.g5 b5 
9.a3 Bb7 10.Be3 Nc6 11.h4 Rc8 12.f4 Be7 13.Qd2 Na5 14.b3 Qc7 15.Nde2 h6 
16.Rh3 Nc5 17.Bg2 hxg5 18.fxg5 g6 19.Bd4 Rh7 20.Nd5 exd5 21.exd5 Nd7 22.
Bc3 Nc4 23.bxc4 Qxc4 24.Bd4 Qxc2 25.Qf4 Qf5 26.Qxf5 gxf5 27.Ng3 Rc2 28.Kf1
Rxg2 29.Kxg2 Bxd5+ 30.Kh2 Be6 31.Re1 f4 32.g6 fxg3+ 33.Kg1 fxg6 34.Rxe6 
Kf7 35.Re4 Nf6 36.Bxf6 Bxf6 37.Kg2 Be5 38.Rh1 Rh8 39.Rc1 a5 40.Rc7+ Kf6 
41.Rb7 Kf5 42.Re3 Rxh4 43.Rxb5 Rh2+ 44.Kg1 Kf4 45.Rd3 Ke4 46.Rd1 Bd4+ 47.
Rxd4+ Kxd4 48.Rxa5 Ra2 49.Ra8 d5 50.a4 Ke3 51.Re8+ Kd4 52.Ra8 Ke3 53.Re8+ 
Kd3 54.Ra8 d4 55.a5 Ke2 56.a6 d3 57.a7 d2 58.Re8+ Kf3 59.Rf8+ Ke3 60.Re8+ 
Kd3 61.Rd8+ Kc2 62.Rc8+ Kb1 63.Rb8+ Kc1 64.Rc8+ Rc2 65.Rd8 Ra2 66.Rc8+ Kb2
67.Rb8+ Kc3 68.Rc8+ Kd3 69.Rd8+ Ke3 70.Re8+ Kf3 71.Rf8+ Kg4 72.Rd8 Rxa7 
73.Rxd2 Kh3 74.Rd1 Ra2 75.Rb1 Rc2 76.Ra1 Rd2 77.Rb1 Ra2 78.Rc1 Ra4 79.Rb1 
Rc4 80.Rd1 Rc3 81.Rf1 Ra3 82.Rb1 g2 0-1